00350nam a2200133Ia 45000030006000000080041000060400015000471000020000622450075000822500010001572600020001675460012001870050017001990STCL150530s9999 xx 000 0 und d aSTCLcSTCL aThirlwall, A.P. aGrowth and development with special refference to developing economics aFifth bMacmillanc1994 aEnglish20220125165621.0